Papel de los gobierno locales y la participación pública en la gestión ambiental

Bewaard in:
Bibliografische gegevens
Coauteur: OEA
Formaat: Texto
Gepubliceerd in: s.l.: OEA
Tags: Voeg label toe
Geen labels, Wees de eerste die dit record labelt!

MARC

LEADER 00000 a a2200000 04500
001 22537
003
040
090 |a 154000  
110 |a OEA  
245 |a Papel de los gobierno locales y la participación pública en la gestión ambiental  
260 |a s.l.:   |b OEA  
300 |a 40 p.  
999 |c 13202  |d 13202